000
00322nam a2200145Ia 4500
100
_a
IIT/Bombay
942
_c
BK
654
_a
computer
245
_a
Sixth International Conference on Computer vision
260
_b
IEEE
_a
NONE
_c
1998
082
_a
006.3T
_b
IEEE
300
_a
1164
546
_a
ENGLISH
999
_c
27756
_d
27756